Chalupy v Čechách na historických stavebních plánech /1 /

Gespeichert in:
Bibliographische Detailangaben
Hauptverfasser: Škabrada, Jiří (Verfasst von), Ebel, Martin (Verfasst von)
Format: Buch
Sprache:Tschechisch
Veröffentlicht: Praha Argo 2014
Ausgabe:1. vydanie
Schlagworte:
Tags: Tag hinzufügen
Keine Tags, Fügen Sie das erste Tag hinzu!

MARC

LEADER 00000nam a22000003a 4500
001 0006302
003 SK-STU
005 20150729135453.3
007 ta
008 150729s ----xo-----e------000-0-----d
020 |a 978-80-257-1358-7 
040 |a STU  |b slo 
041 0 |a cze 
044 |a xr 
100 1 |a Škabrada, Jiří  |4 aut 
245 1 0 |a Chalupy v Čechách na historických stavebních plánech /1 /  |c aut. Jiří Škabrada, Martin Ebel 
250 |a 1. vydanie 
260 |a Praha  |b Argo  |c 2014 
300 |a 271 s. 
650 0 7 |a projektová dokumentácia 
650 0 7 |a chalupy 
650 0 7 |a rodinné domy 
700 1 |a Ebel, Martin  |r Z6  |4 aut 
996 |b 284AU06495  |c A* 9419/U  |l AAKNST  |s P  |a 0  |w 0006302_0001